| 000 | 01841pam a2200433 a 4500 | ||
|---|---|---|---|
| 001 | BK0010335223 | ||
| 003 | DLC | ||
| 005 | 20241220132428.0 | ||
| 008 | 120118s2012 nyu 000 1 eng | ||
| 010 | _a2011052222 | ||
| 020 |
_a9781594487019 : HRD _c$26.95 |
||
| 020 |
_a1594487014 : HRD _c$26.95 |
||
| 037 |
_bPenguin Group USA, Attn: Order Processing 405 Murray Hill Pkwy, East Rutherford, NJ, USA, 07073-2136 _nSAN 282-5074 |
||
| 040 |
_aDLC _cDLC _dNjBwBT _dIMmBT |
||
| 050 | 0 | 0 |
_aPS3613.O75 _bC47 2012 |
| 082 | 0 | 0 |
_a813/.6 _223 |
| 084 | _aFIC014000 | ||
| 084 | _aFIC041000 | ||
| 084 |
_aFIC019000 _2bisacsh |
||
| 092 | _a813.6000 | ||
| 092 | _aMORIARTY | ||
| 100 | 1 |
_aMoriarty, Laura, _d1970- _95873706 |
|
| 245 | 1 | 4 |
_aThe chaperone / _cLaura Moriarty. |
| 260 |
_aNew York : _bRiverhead Books, _cc2012. |
||
| 300 |
_a371 p. ; _c24 cm. |
||
| 520 |
_a"A novel about the friendship between an adolescent, pre-movie-star Louise Brooks, and the 36-year-old woman who chaperones her to New York City for a summer, in 1922, and how it changes both their lives"-- _cProvided by publisher. |
||
| 600 | 1 | 0 |
_aBrooks, Louise, _d1906-1985 _vFiction. _96235883 |
| 650 | 0 |
_aMotion picture actors and actresses _vFiction. _95673798 |
|
| 650 | 0 |
_aMiddle-aged women _vFiction. _95674258 |
|
| 651 | 0 |
_aNew York (N.Y.) _xHistory _y1898-1951 _vFiction. _95707888 |
|
| 651 | 0 |
_aNew York (N.Y.) _xSocial life and customs _vFiction. _95779083 |
|
| 655 | 7 |
_aBiographical fiction. _2gsafd _96235884 |
|
| 650 | 7 |
_aFICTION / Historical. _2bisacsh _95673672 |
|
| 650 | 7 |
_aFICTION / Biographical. _2bisacsh _95681328 |
|
| 650 | 7 |
_aFICTION / Literary. _2bisacsh _95675423 |
|
| 856 | 4 | 2 |
_3Cover image _uftp://ppftpuser:welcome@ftp01.penguingroup.com/Booksellers and Media/Covers/2008_2009_New_Covers/9781594487019.jpg |
| 942 |
_cBOOK _033 |
||
| 998 | _aa152140 | ||
| 999 |
_c84643 _d84643 |
||